Fázy inovačného procesu

Zakladateľ teórie inovácií - americký ekonóm českého pôvodu Joseph Alois Schumpeter. Kľúčové prvky Schumpeterovej teórie. Tri základné časti inovačného procesu. Inovačný proces a životný cyklus výrobku. Cyklus zavádzania inovácie a jeho vzťah k životnému cyklu výrobku.

Guardado en:
Detalles Bibliográficos
Autor principal: Dugas, Jaroslav, 1967-
Otros Autores: Lacko, Roman, 1988-, Blaščák, Pavel, 1978-
Formato: Capítulo de libro
Lenguaje:eslovaco
Materias:
Etiquetas: Agregar Etiqueta
Sin Etiquetas, Sea el primero en etiquetar este registro!

MARC

LEADER 00000naa$a2200000$$$4500
001 0252461
005 20240502074041.2
041 0 |a slo 
044 |a SK 
245 1 0 |a Fázy inovačného procesu  |c Jaroslav Dugas, Roman Lacko, Pavel Blaščák 
520 |a Zakladateľ teórie inovácií - americký ekonóm českého pôvodu Joseph Alois Schumpeter. Kľúčové prvky Schumpeterovej teórie. Tri základné časti inovačného procesu. Inovačný proces a životný cyklus výrobku. Cyklus zavádzania inovácie a jeho vzťah k životnému cyklu výrobku. 
610 2 0 |a inovácia 
610 2 0 |a inovácia výrobkov 
610 2 0 |a cyklus výrobku životný 
610 2 0 |a vývoj 
100 1 |a Dugas, Jaroslav, 1967- 
700 1 |a Lacko, Roman, 1988- 
700 1 |a Blaščák, Pavel, 1978-